000 00478nam a2200145Ia 4500
008 100204s9999 xx 000 0 und d
082 _b17983
100 _aभुर्के श्याम
245 _aपुणं -एक साठवणं
260 _b"सन पब्लिकेशन्स , पुणे"
_c1994
300 _a175
630 _aपुणं -एक साठवणं
730 _aपुणं -एक साठवणं
942 _cBOOK
999 _c462406
_d462403